00667nam a2200145 a 4500008004100000050001900041100002600060245009900086260008000185350000900265650001100274995009500285999001700380952012400397090219s2007 ||||||||||||||||| || u aTHESIS/STUDENT aKayuni, Leonard Chama10aEvaluation of the dust prolems at Mopani's South Ore body (SOB) shaft : levels and 3360 levels aKitwebCopperbelt University, School of Technology, Mining Departmentc2007 a0.00 aMINING D0.00FCBU-MAIN LIBRARY (Kitwe)H1I0.00M1UAVAILABLEWFeb 19, 2009ZUniversity Collection c42697d42697 00102lcc4070a001b001cUniversity Collectiond2022-11-30l0oTHESIS/STUDENTpZ03003651r2022-11-30w2022-11-30y002